Statistiken für Hauptstädte der Österreichischen Bundesländer - Karten Quiz

Klicken Sie hier um das Quiz zu spielen!

Allgemein

  • Dieses Quiz wurde 124 mal gespielt
    (107 seit der letzten Aktualisierung)
  • Das Durchschnittsergebnis liegt bei 8 aus 9

Antworten auf der Karte

Die Antworten werden auf der Karte rot bzw. grün angezeigt, abhängig davon wie oft sie richtig erraten wurden.
 

Antwortstatistiken

Antwort% Korrekt
Salzburg
96%
Bregenz
94%
Innsbruck
92%
Graz
90%
Wien
88%
Eisenstadt
86%
St. Pölten
85%
Klagenfurt
83%
Linz
82%

Verteilung der Resultate

Perzentil nach korrekt beantworteten Fragen

Anzahl Personen mit jedem Resultat

Ihre Resultats-Entwicklung

Sie haben dieses Quiz seit der letzten Aktualisierung nicht gespielt